| 000 | 00676nam a2200229Ia 4500 | ||
|---|---|---|---|
| 003 | OSt | ||
| 005 | 20220926012007.0 | ||
| 006 | a|||||r|||| 00| 0 | ||
| 007 | ta | ||
| 008 | 220923b |||||||| |||| 00| 0 eng d | ||
| 037 | _cGeneral Book | ||
| 040 |
_aRTL _cRTL _beng |
||
| 041 |
_2eng _aeng |
||
| 082 | _aX9:75, L2 | ||
| 100 |
_aMockler Robert J Ed. _9315350 |
||
| 245 | 0 | _aReadings in business planning and policy formulati | |
| 260 |
_aNew York _bAppleton Century Crafts U S A _c1972 |
||
| 300 |
_axiii, 507p. Bib p. 482-86 _ccm. |
||
| 650 | _aIndustrial Economy | ||
| 942 |
_hX9:75, L2 _cGB _2CC |
||
| 999 |
_c621453 _d621453 |
||